| 000 | 01444nam a22003491c 4500 | ||
|---|---|---|---|
| 001 | EBC4932876 | ||
| 003 | RU-10907106 | ||
| 005 | 20211006110828.0 | ||
| 008 | 191108s2016 gw |||| 000u ger d | ||
| 020 |
_a9783428148677 _a978-3-428-54867-5 _9978-3-428-14867-7 |
||
| 040 |
_cRU-10907106 _aRU-10907106 _bger |
||
| 041 | _ager | ||
| 100 | 1 | _aSchulmeister-André, Irina | |
| 245 | 0 | 0 |
_aInternationale Strafgerichtsbarkeit unter sowjetischem Einfluss : _bder Beitrag der UdSSR zum Nürnberger Hauptkriegsverbrecherprozess / _cvon Irina Schulmeister-André |
| 264 |
_aBerlin, [Germany] : _bDuncker & Humblot, _c2016 |
||
| 300 | _a1 Online-Ressource (580 pages). | ||
| 336 |
_aText _btxt _2rdacontent |
||
| 337 |
_aComputermedien _bc _2rdamedia |
||
| 338 |
_aOnline-Ressource _bcr _2rdacarrier |
||
| 500 | _aE-Book-ProQuest / Fernzugriff nach Registrierung möglich | ||
| 500 | _aIncludes bibliographical references | ||
| 650 | 0 | _aKriegsverbrecherprozess | |
| 650 | 0 | _aNürnberger Prozesse | |
| 650 | 0 | _aRechtswissenschaft | |
| 650 | 0 | _aRegierung | |
| 651 | 0 | _aSowjetunion | |
| 655 | 0 | _aFernzugriff | |
| 776 | 0 | 8 |
_iErscheint auch als _nPrint-Ausgabe _tInternationale Strafgerichtsbarkeit unter sowjetischem Einfluss _w873135741 |
| 856 | 4 | _uhttps://ebookcentral.proquest.com/lib/maxweberstiftung-ebooks/detail.action?docID=4932876 | |
| 942 |
_cEB _2z |
||
| 999 |
_c29294 _d29294 |
||
| 490 | 0 |
_aBeiträge zum internationalen und europäischen Strafrecht _vBand 27 |
|